| 000 -LEADER |
| fixed length control field |
01602cam a22003254a 4500 |
| 001 - CONTROL NUMBER |
| control field |
15109408 |
| 003 - CONTROL NUMBER IDENTIFIER |
| control field |
NUST |
| 005 - DATE AND TIME OF LATEST TRANSACTION |
| control field |
20230914130008.0 |
| 008 - FIXED-LENGTH DATA ELEMENTS--GENERAL INFORMATION |
| fixed length control field |
071024s2007 ii ab b 001 0 eng |
| 010 ## - LIBRARY OF CONGRESS CONTROL NUMBER |
| LC control number |
2007375999 |
| 020 ## - INTERNATIONAL STANDARD BOOK NUMBER |
| Terms of availability |
9788175965331 |
| 025 ## - OVERSEAS ACQUISITION NUMBER |
| Overseas acquisition number |
I-E-2007-375999; 49-92 |
| 035 ## - SYSTEM CONTROL NUMBER |
| System control number |
(IN-NdUBS)UBS07002899 |
| 037 ## - SOURCE OF ACQUISITION |
| Source of stock number/acquisition |
Library of Congress -- New Delhi Overseas Office |
| Terms of availability |
Rs600.00 |
| 040 ## - CATALOGING SOURCE |
| Original cataloging agency |
DLC |
| Transcribing agency |
DLC |
| Modifying agency |
DLC |
| 042 ## - AUTHENTICATION CODE |
| Authentication code |
lcode |
| 043 ## - GEOGRAPHIC AREA CODE |
| Geographic area code |
a-ii--- |
| 050 00 - LIBRARY OF CONGRESS CALL NUMBER |
| Classification number |
QC990.I4 |
| 082 ## - DEWEY DECIMAL CLASSIFICATION NUMBER |
| Classification number |
616.0954,DAS |
| 100 1# - MAIN ENTRY--PERSONAL NAME |
| Personal name |
Dash, S. K. |
| Fuller form of name |
(Sushil Kumar) |
| 9 (RLIN) |
2199 |
| 245 10 - TITLE STATEMENT |
| Title |
Climate change : |
| Remainder of title |
an Indian perspective / |
| Statement of responsibility, etc. |
S.K. Dash. |
| 260 ## - PUBLICATION, DISTRIBUTION, ETC. |
| Place of publication, distribution, etc. |
New Delhi : |
| Name of publisher, distributor, etc. |
Cambridge University Press, India [and] Centre for Envrionment Education, Ahmedabad, |
| Date of publication, distribution, etc. |
c2007. |
| 300 ## - PHYSICAL DESCRIPTION |
| Extent |
xvi, 262 p. : |
| Other physical details |
ill, maps ; |
| Dimensions |
23 cm. |
| 490 0# - SERIES STATEMENT |
| Series statement |
Environment & development series |
| 505 ## - FORMATTED CONTENTS NOTE |
| Formatted contents note |
Calimate and some related gobal phenomena (Page-1), Radiation and greenhouse gases (Page-40), Gobal evidences of changes in climate and environment (Page-78), Evidences of changes in climate and environment changes in india (Page-94), Possible imapacts of climate change in india (Page-129), Clean technolgy energy (Page-148), Mitigation efforts by the government of India (Page-169), Issues of concern in some important sectors (Page-189), Uncertainties and possible approaches (Page-261), |
| 650 #0 - SUBJECT ADDED ENTRY--TOPICAL TERM |
| Topical term or geographic name entry element |
Climatic changes |
| Geographic subdivision |
India. |
| 9 (RLIN) |
2200 |
| 710 2# - ADDED ENTRY--CORPORATE NAME |
| Corporate name or jurisdiction name as entry element |
Centre for Environment Education (Ahmadābād, India) |
| 9 (RLIN) |
2201 |
| 856 41 - ELECTRONIC LOCATION AND ACCESS |
| Materials specified |
Table of contents |
| Uniform Resource Identifier |
<a href="http://www.loc.gov/catdir/toc/fy0804/2007375999.html">http://www.loc.gov/catdir/toc/fy0804/2007375999.html</a> |
| 942 ## - ADDED ENTRY ELEMENTS (KOHA) |
| Source of classification or shelving scheme |
|
| Koha item type |
Book |